000 00851nam a2200241 i 4500
001 13170
003 ES-MaACL
005 20250804223816.0
007 t|
008 920409s1991 sp |||| |dspa
020 _a84-7232-590-3
080 _a32(081) Rodó, José Enrique
245 0 0 _aJosé Enrique Rodó /
_cedición de José Luis Abellán.
260 _aMadrid :
_bCultura Hispánica,
_c[1991]
300 _a126 p. ;
_c24 cm.
490 1 _aAntología del pensamiento político, social y económico de América Latina ;
_v14
504 _aBibliografía: p. [113]-126.
600 1 4 _aRodó, José Enrique
_d1871-1917
_998152
700 1 _aAbellán, José Luis,
_d1933-2023
_9176509
830 1 0 _aAntología del pensamiento político, social y económico de América Latina
_v14
_9178008
852 _aES-MaACL
_jL-20477
999 _c13170
_d13170